书目信息 |
| 题名: |
金叶桦研究
|
|
| 作者: | 姜静 , 江慧欣 , 陈肃 著 | |
| 分册: | ||
| 出版信息: | 北京 科学出版社 2020.11 |
|
| 页数: | 140页 | |
| 开本: | 24cm | |
| 丛书名: | 林学基础研究系列 | |
| 单 册: | ||
| 中图分类: | S792.153 | |
| 科图分类: | ||
| 主题词: | 白桦--bai hua--基因变异--研究 | |
| 电子资源: | ||
| ISBN: | 978-7-03-066886-8 | |
| 000 | 01128nam 2200289 450 | |
| 001 | 93700 | |
| 005 | 20250819143355.22 | |
| 010 | @a978-7-03-066886-8@dCNY158.00 | |
| 100 | @a20201215d2020 em y0chiy50 ea | |
| 101 | 0 | @achi |
| 102 | @aCN@b110000 | |
| 105 | @aa a 000yy | |
| 106 | @ar | |
| 200 | 1 | @a金叶桦研究@Ajin ye hua yan jiu@f姜静, 江慧欣, 陈肃著 |
| 210 | @a北京@c科学出版社@d2020.11 | |
| 215 | @a140页@c图 (部分彩图)@d24cm | |
| 225 | 2 | @a林学基础研究系列@Alin xue ji chu yan jiu xi lie |
| 320 | @a有书目 (第126-134页) | |
| 330 | @a本书汇集了著者在白桦金叶突变株鉴定及金叶形成机制方面的研究成果, 主要从植物叶色突变体的形成机制、白桦金叶突变株的生理解剖和基因表达特性、白桦金叶突变株T-DNA插入位点和突变基因功能鉴定、转基因金叶桦创制等几个方面进行了详细叙述, 阐述了金叶桦的鉴定及金叶形成机制的最新研究成果和进展。 | |
| 410 | 0 | @12001 @a林学基础研究系列 |
| 606 | 0 | @a白桦@Abai hua@x基因变异@x研究 |
| 690 | @aS792.153@v5 | |
| 701 | 0 | @a姜静@Ajiang jing@4著 |
| 701 | 0 | @a江慧欣@Ajiang hui xin@4著 |
| 701 | 0 | @a陈肃@Achen su@4著 |
| 801 | 0 | @aCN@c20250909 |
| 905 | @a河南城建学院图书馆@dS792.153@eJ512@f1 | |
| 金叶桦研究/姜静, 江慧欣, 陈肃著.-北京:科学出版社,2020.11 |
| 140页:图 (部分彩图);24cm.-(林学基础研究系列) |
| ISBN 978-7-03-066886-8:CNY158.00 |
| 本书汇集了著者在白桦金叶突变株鉴定及金叶形成机制方面的研究成果, 主要从植物叶色突变体的形成机制、白桦金叶突变株的生理解剖和基因表达特性、白桦金叶突变株T-DNA插入位点和突变基因功能鉴定、转基因金叶桦创制等几个方面进行了详细叙述, 阐述了金叶桦的鉴定及金叶形成机制的最新研究成果和进展。 |
| ● |
| 相关链接 |
|
|
|
正题名:金叶桦研究
索取号:S792.153/J512
 
预约/预借
| 序号 | 登录号 | 条形码 | 馆藏地/架位号 | 状态 | 备注 |
| 1 | 1627657 | 216276571 | 自科库401/401自科库 1排3列5层/ [索取号:S792.153/J512] | 在馆 |